000 01205cam a2200361 a 4500
999 _c531765
_d531765
001 16406229
003 NUST
005 20191025122635.0
008 100813s2010 nyua b 001 0 eng
010 _a 2010934906
015 _aGBB060849
_2bnb
016 7 _a015551242
_2Uk
020 _a9781441960368 (alk. paper)
020 _a1441960368 (alk. paper)
020 _a9781441960375 (eISBN)
020 _a1441960376 (eISBN)
035 _a(OCoLC)ocn615883255
038 _aMSOHAIL
040 _aUKM
_cUKM
_dBTCTA
_dYDXCP
_dC#P
_dBWX
_dCDX
_dDLC
042 _alccopycat
050 0 0 _aHT241
_b.M44 2010
082 0 4 _a307.76
_222
100 1 _aMega, Voula.
_924806
245 1 0 _aSustainable cities for the third millennium :
_bthe odyssey of urban excellence /
_cVoula P. Mega.
260 _aNew York :
_bSpringer,
_cc2010.
300 _axxxi, 233 p. :
_bill. ;
_c25 cm.
504 _aIncludes bibliographical references and index.
650 0 _aUrban ecology (Sociology)
_9927
906 _a7
_bcbc
_ccopycat
_d2
_encip
_f20
_gy-gencatlg
942 _2ddc
_cBK